Statistics for The World's Most Powerful Brands

Click here to take the quiz!

General Stats

  • This quiz has been taken 259 times
  • The average score is 15 of 50

Answer Stats

Industry Brand % Correct
TechnologyApple
94%
BeveragesCoca-Cola
82%
RestaurantsMcDonald's
79%
TechnologyMicrosoft
77%
TechnologySamsung
74%
AutomotiveToyota
64%
BeveragesPepsi
63%
AutomotiveBMW
62%
AutomotiveMercedes-Benz
61%
TechnologyGoogle
58%
TechnologySony
54%
AutomotiveHonda
51%
RetailingWal-Mart
47%
TechnologyIBM
43%
AutomotiveAudi
37%
ApparelNike
36%
TechnologyNokia
34%
TechnologyDell
32%
AlcoholBudweiser
32%
TechnologyAmazon.com
31%
AutomotiveVolkswagen
30%
TechnologyIntel
25%
TelecomAT&T
23%
LeisureDisney
21%
LuxuryLouis Vuitton
20%
RetailingH&M
18%
Consumer Packaged GoodsNestle
17%
Financial ServicesVisa
16%
RetailingIKEA
15%
TechnologyCisco
15%
DiversifiedSiemens
15%
TechnologyOracle
14%
TechnologyHewlett-Packard
13%
Financial ServicesHSBC
13%
TechnologyNintendo
10%
Financial ServicesAmerican Express
10%
DiversifiedGeneral Electric
10%
Consumer Packaged GoodsKellogg's
8%
TechnologyCanon
8%
Consumer Packaged GoodsL'Oreal
8%
Consumer Packaged GoodsColgate
8%
BeveragesNescafe
8%
Consumer Packaged GoodsKraft
7%
Consumer Packaged GoodsPampers
5%
TechnologySAP
4%
Consumer Packaged GoodsGillette
3%
Consumer Packaged GoodsGeneral Mills
3%
RetailingHome Depot
3%
MediaESPN
1%
Consumer Packaged GoodsJohnson's
0%

Score Distribution

Percentile by Number Answered

Percent of People with Each Score

Your Score History

You have not taken this quiz